Дело о выкупе земельных наделов временнообязанными крестьянами Е.К. Колмуцкой селения Городища Сорокского уезда Бессарабской губ...

Доступно только в Электронных читальных залах Найти на картеНа карте
RUSMARC
00004149nmc2a2200000 x 450
00112d857f3-0255-4ae6-a361-6c2e5dd116ca
00520170109145122.0
100##$a20140515l18881889k l0rusy0189 ca
1010#$arus
102##$aRU
2001#$aДело о выкупе земельных наделов временнообязанными крестьянами Е.К. Колмуцкой селения Городища Сорокского уезда Бессарабской губернии
$j6 октября 1888 г. - 7 января 1889 г.
251##$cДело
300##$aДело
300##$aОриг. заголовок дела: Дело Колмуцкой Е.К. Бессарабской губернии Сорокского уезда селения Городища. 6 октября 1888 г. - 7 января 1889 г
801#0$aRU
$bРГИА
$c20140515
$gRCR
801#1$aRU
$bГлавНИВЦ
$c20140515
$2rusmarc
801#2$aRU
$bПБ им. Б.Н. Ельцина
$c20170109
$gRCR
$2rusmarc
850##$aРГИА
852##$aРГИА
$eФедеральное казенное учреждение "Российский государственный исторический архив" (РГИА)
$j502
937##$hРГИА
$d6551682
$aASBIBLIO_SCAN
462#0$1001808503d5-68d3-4ac2-91f4-d4d8e7ec01e0
$12001
$aДела Главного выкупного учреждения Министерства финансов по Бессарабской губернии
$1251
$cОпись
$1852
$j2
461#0$10018ef30ad5-ff5c-4840-a721-74c62a200f95
$12001
$aГлавное выкупное учреждение Министерства финансов
$1251
$cФонд
$1852
$j577
215##$a83 л.
$d36,5х26 см
371##$aДокумент не является опубликованным и широко распространяемым
105##$ay###
1222#$ad
5171#$aДело Колмуцкой Е.К. Бессарабской губернии Сорокского уезда селения Городища. 6 октября 1888 г. - 7 января 1889 г.
035##$a12d857f3-0255-4ae6-a361-6c2e5dd116ca
856##$uhttp://readingroom.main.prlib.ru/item.aspx?id_node=n93828050&mode=full
Формат отображения